The IMF and The Poor.

The IMF is increasingly emphasizing "high-quality growth" - that is, growth that is sustainable, that is accompanied by appropriate domestic and external balances, that respects the environment, and that is aided by policies that reduce poverty and foster greater equity. This pamphlet focu...

Ful tanımlama

Detaylı Bibliyografya
Müşterek Yazar: International Monetary Fund
Materyal Türü: Dergi
Dil:English
Baskı/Yayın Bilgisi: Washington, D.C. : International Monetary Fund, 1998.
Seri Bilgileri:Pamphlet Series; Pamphlet Series, ; No. 52
Online Erişim:Full text available on IMF
LEADER 01353cas a2200241 a 4500
001 AALejournalIMF012239
008 230101c9999 xx r poo 0 0eng d
020 |c 5.00 USD 
020 |z 9781557757456 
022 |a 0538-8759 
040 |a BD-DhAAL  |c BD-DhAAL 
110 2 |a International Monetary Fund. 
245 1 4 |a The IMF and The Poor. 
264 1 |a Washington, D.C. :  |b International Monetary Fund,  |c 1998. 
300 |a 1 online resource (35 pages) 
490 1 |a Pamphlet Series 
500 |a <strong>Off-Campus Access:</strong> No User ID or Password Required 
500 |a <strong>On-Campus Access:</strong> No User ID or Password Required 
506 |a Electronic access restricted to authorized BRAC University faculty, staff and students 
520 3 |a The IMF is increasingly emphasizing "high-quality growth" - that is, growth that is sustainable, that is accompanied by appropriate domestic and external balances, that respects the environment, and that is aided by policies that reduce poverty and foster greater equity. This pamphlet focuses on how the IMF works to reduce poverty and improve equity. 
538 |a Mode of access: Internet 
830 0 |a Pamphlet Series; Pamphlet Series, ;  |v No. 52 
856 4 0 |z Full text available on IMF  |u http://elibrary.imf.org/view/books/054/07045-9781557757456-en/07045-9781557757456-en-book.xml  |z IMF e-Library